[Event "Seefeld op 19th"]
[Site "Seefeld"]
[Date "2008.09.10"]
[Round "6"]
[White "Breedveld, Carmen"]
[Black "Werner, Bernd"]
[Result "0-1"]
[WhiteElo "1294"]
[BlackElo "1955"]
[PlyCount "100"]
[EventDate "2008.09.05"]
[EventType "swiss"]
[EventRounds "9"]
[EventCountry "AUT"]
[SourceTitle "EXT 2010"]
[Source "ChessBase"]
[SourceDate "2010.11.25"]
[SourceVersion "1"]
[SourceVersionDate "2010.11.25"]
[SourceQuality "1"]

1. d4 Nf6 2. Bf4 g6 3. Nf3 Bg7 4. e3 0-0 5. Bc4 d5 6. Bd3 Bg4 7. 0-0 Nbd7 8. h3 Bxf3 9. Qxf3 c6 10. Nd2 Re8 11. Rfe1 e5 12. dxe5 Nxe5 13. Qd1 Nh5 14. Bh2 Qd7 15. Be2 Nf6 16. f4 Nc4 17. Bxc4 dxc4 18. Nxc4 Qe6 19. b3 Rad8 20. Qf3 Ne4 21. Rad1 Bc3 22. Rf1 f5 23. Bg3 b5 24. Rxd8 Rxd8 25. Ne5 Bxe5 26. fxe5 Rd2 27. Be1 Rxc2 28. g4 Qxe5 29. Qf4 Qxf4 30. exf4 Rxa2 31. Bb4 c5 32. Be1 a5 33. Rf3 c4 34. gxf5 gxf5 35. h4 Ra3 36. Kg2 Rxb3 37. Bxa5 Rxf3 38. Kxf3 c3 39. Ke3 Kf7 40. Kd3 Kg6 41. Bxc3 Nxc3 42. Kxc3 Kh5 43. Kb4 Kxh4 44. Kxb5 Kg4 45. Kc5 Kxf4 46. Kd4 Kf3 47. Ke5 f4 48. Kf5 Ke3 49. Kg4 f3 50. Kg3 Ke2 0-1

[Event "Seefeld op 18th"]
[Site "Seefeld"]
[Date "2007.09.07"]
[Round "7"]
[White "Verwer, Renzo"]
[Black "Breedveld, Carmen"]
[Result "1-0"]
[WhiteElo "1600"]
[BlackElo "1289"]
[PlyCount "67"]
[EventDate "2007.09.01"]
[EventType "swiss"]
[EventRounds "9"]
[EventCountry "AUT"]
[SourceTitle "EXT 2009"]
[Source "ChessBase"]
[SourceDate "2008.11.26"]
[SourceVersion "1"]
[SourceVersionDate "2008.11.26"]
[SourceQuality "1"]

1. e4 e6 2. Nf3 c5 3. d4 b6 4. d5 Bb7 5. Nc3 g6 6. Bd3 Bg7 7. Nb5 d6 8. Be3 Nf6 9. c4 0-0 10. h4 Ng4 11. Ng5 Nxe3 12. fxe3 h6 13. Qg4 Nd7 14. Nxf7 Rxf7 15. dxe6 Ne5 16. exf7+ Kh7 17. Qe2 Qf6 18. Nc3 Rf8 19. 0-0-0 Rxf7 20. Rdf1 Nxd3+ 21. Qxd3 Qe6 22. Rf4 Kg8 23. Rxf7 Kxf7 24. Rf1+ Ke8 25. Nd5 Bxd5 26. cxd5 Qe5 27. Qb5+ Ke7 28. Rf4 g5 29. Rg4 Bf6 30. hxg5 Bxg5 31. Qa6 Bxe3+ 32. Kc2 Kf6 33. Qc8 Qe7 34. Qf5# 1-0

[Event "Seefeld op 18th"]
[Site "Seefeld"]
[Date "2007.09.02"]
[Round "2"]
[White "Egger, Herbert"]
[Black "Breedveld, Carmen"]
[Result "1-0"]
[WhiteElo "1839"]
[BlackElo "1289"]
[PlyCount "83"]
[EventDate "2007.09.01"]
[EventType "swiss"]
[EventRounds "9"]
[EventCountry "AUT"]
[SourceTitle "EXT 2009"]
[Source "ChessBase"]
[SourceDate "2008.11.26"]
[SourceVersion "1"]
[SourceVersionDate "2008.11.26"]
[SourceQuality "1"]

1. e4 c5 2. Nf3 b6 3. Nc3 Bb7 4. d3 g6 5. Be2 Bg7 6. 0-0 Bxc3 7. bxc3 d6 8. c4 Nc6 9. Bb2 e5 10. h3 Qd7 11. Bc1 0-0-0 12. Nh2 Kb8 13. f4 f5 14. fxe5 dxe5 15. Bb2 Nf6 16. exf5 gxf5 17. Nf3 Rde8 18. Re1 Rhg8 19. Bf1 Nh5 20. Nxe5 Nxe5 21. Rxe5 Nf4 22. Qd2 Nxh3+ 23. Kh2 f4 24. gxh3 f3 25. Rxe8+ Rxe8 26. Qf4+ Ka8 27. Be5 a5 28. a4 Ka7 29. d4 Qc6 30. dxc5 bxc5 31. Bd6 f2 32. Bxc5+ Ka8 33. Bxf2 Qh1+ 34. Kg3 Rg8+ 35. Kh4 Qc6 36. Bd4 Qc8 37. Bd3 Qd8+ 38. Qf6 Qc7 39. Rg1 Rd8 40. Rg7 Qb8 41. Be4 Bxe4 42. Qa6+ 1-0